Letters from Mirtola / (Record no. 17028)
[ view plain ]
| 000 -LEADER | |
|---|---|
| fixed length control field | 00786nam a22002057a 4500 |
| 008 - FIXED-LENGTH DATA ELEMENTS--GENERAL INFORMATION | |
| fixed length control field | 081020t xxu||||| |||| 00| 0 eng d |
| 010 ## - LIBRARY OF CONGRESS CONTROL NUMBER | |
| LC control number | ENG-84061 |
| 020 ## - INTERNATIONAL STANDARD BOOK NUMBER | |
| International Standard Book Number | 8172763565 |
| 020 ## - INTERNATIONAL STANDARD BOOK NUMBER | |
| Terms of availability | 150.00 (pbk) |
| 035 ## - SYSTEM CONTROL NUMBER | |
| System control number | EN-67594 |
| 082 ## - DEWEY DECIMAL CLASSIFICATION NUMBER | |
| Classification number | 230.51 |
| 245 ## - TITLE STATEMENT | |
| Title | Letters from Mirtola / |
| Statement of responsibility, etc | by Sri Krishnaprem & Sri Mahava Ashish to Karan Singh; edited by Jyotsna Singh |
| 260 ## - PUBLICATION, DISTRIBUTION, ETC. (IMPRINT) | |
| Place of publication, distribution, etc | Mumbai |
| Name of publisher, distributor, etc | Bharatiya Vidya Bhavan |
| Place of manufacture | Kulapati Munshi Marg, Mumbai-400007 |
| 260 ## - PUBLICATION, DISTRIBUTION, ETC. (IMPRINT) | |
| Date of publication, distribution, etc | 2004 |
| 300 ## - PHYSICAL DESCRIPTION | |
| Extent | xii,193p |
| Dimensions | 22cm |
| 490 ## - SERIES STATEMENT | |
| Series statement | Bhavan's book university |
| 700 ## - ADDED ENTRY--PERSONAL NAME | |
| Personal name | Jyotsna Singh |
| Titles and other words associated with a name | ed |
| 942 ## - ADDED ENTRY ELEMENTS (KOHA) | |
| Source of classification or shelving scheme | Dewey Decimal Classification |
| Koha item type | English Books |
| Classification part | 230.51 |
| Call number suffix | LET |
| Withdrawn status | Lost status | Source of classification or shelving scheme | Damaged status | Not for loan | Home library | Current library | Date acquired | Cost, normal purchase price | Total Checkouts | Full call number | Barcode | Date last seen | Copy number | Cost, replacement price | Price effective from | Koha item type |
|---|---|---|---|---|---|---|---|---|---|---|---|---|---|---|---|---|
| Dewey Decimal Classification | Not For Loan | D.B.Act.Division | D.B.Act.Division | 22/02/2007 | 150.00 | 230.51 LET | EN-67594 | 21/10/2008 | 1 | 150.00 | 21/10/2008 | English Books |
